| 000 | 00638nam a2200217Ii 4500 | ||
|---|---|---|---|
| 003 | JO-AjNU | ||
| 008 | 230606s9999||||xx |||||||||||||| ||und|| | ||
| 020 | _a978-81-7992-996-4 | ||
| 040 |
_aJO-AjNU _beng _erda _cJO-AjNU |
||
| 041 | _aeng | ||
| 050 | 1 | 4 | _aHD58.7.2009 |
| 100 | 3 |
_aV.S.Veluri,Sarma, _eauthor _91284 |
|
| 245 | 0 | 0 | _aORGANIZATIONAL BEHAVIOR An Interactive Learning Approach |
| 250 | _a2 ed | ||
| 264 | 3 | 1 | _aNew Delhi:JAICO PUBLISHING HOUSE,2009 |
| 300 | _a608p | ||
| 336 |
_atext _btxt _2rdacontent |
||
| 337 |
_aunmediated _bn _2rdamedia |
||
| 338 |
_avolume _bnc _2rdacarrier |
||
| 650 | 4 |
_aORGANIZATIONAL BEHAVIOR _91285 |
|
| 999 |
_aE676 _c676 _d676 |
||